[Event "Szachy na pełnej kurwie (Single Version)"]
[Site "SchemingMind.com"]
[Date "2016.01.02"]
[Round "-"]
[White "smothered mate"]
[Black "DANDYLIONHONEYBADGER"]
[Result "1-0"]
[WhiteCountry "POL"]
[BlackCountry "USA"]
[WhiteElo "1995"]
[WhiteRD "84"]
[BlackElo "1334"]
[BlackRD "59"]
[GameID "392599"]

1. e4 e5 2. Nf3 Nc6 3. d4 f6 4. dxe5 fxe5 5. Bc4 Qf6 6. Bg5 Qd6 7. Qe2 Qb4+ 8. c3 Qd6 9. a4 h6 10. Be3 Nf6
11. Nbd2 Ng4 12. Nb3 Qf6 13. Bd2 a6 14. h3 d6 15. hxg4 g5 16. Be3 Bd7 17. Nbd2 Be6 18. Nf1 d5 19. exd5 Bxg4 20. dxc6 bxc6
21. O-O-O Rb8 22. Ng3 Bd6 23. Ne4 Qe7 24. Bxg5 Qg7 25. Bf6 Qf8 26. Bxh8 Qxh8 27. Rxd6 cxd6 28. Nxd6+ Kd7 29. Nf7 Qf6 30. N3xe5+ Kc7
31. Qxg4 Kb6 32. Nd7+
1-0

[Event "Szachy na pełnej kurwie (Single Version)"]
[Site "SchemingMind.com"]
[Date "2015.12.29"]
[Round "-"]
[White "smothered mate"]
[Black "Scooter"]
[Result "1-0"]
[WhiteCountry "POL"]
[BlackCountry "USA"]
[WhiteElo "1938"]
[WhiteRD "68"]
[BlackElo "1712"]
[BlackRD "48"]
[GameID "392761"]

1. e4 c6 2. d4 d5 3. Nc3 dxe4 4. Nxe4 Bf5 5. Ng3 Bg6 6. Nf3 Nd7 7. h4 h6 8. h5 Bh7 9. Bd3 Bxd3 10. Qxd3 Qc7
11. Bd2 O-O-O 12. O-O-O Ngf6 13. Rh4 e6 14. Kb1 Bd6 15. Nf1 e5 16. dxe5 Nxe5 17. Nxe5 Bxe5 18. Qh3+ Kb8 19. Ne3 Rhe8 20. Nc4 Nd5
21. Nxe5 Qxe5 22. c4 Qe2 23. Qb3 Ne3 24. fxe3 Rxd2 25. Rxd2 Qxd2 26. Rd4 Qxe3 27. Qxe3 Rxe3 28. Rd7 Rg3 29. Rxf7 Rxg2 30. a3 c5
31. Ka2 Rg5 32. Kb3 Rxh5 33. Rxg7 Rh3+ 34. Ka4 h5 35. Kb5 b6 36. Kc6 a5 37. Rb7+ Ka8 38. Rxb6 Ka7 39. Kxc5 Rf3 40. Rg6 Rf5+
41. Kc6 h4 42. Rg4 h3 43. Rh4 Rf3 44. b4 Rxa3 45. b5 Rc3 46. b6+ Ka6 47. c5 Rg3 48. Rh6 a4 49. b7 Rb3 50. Kc7+ Ka7
51. c6 a3 52. Rh8
1-0

[Event "Szachy na pełnej kurwie (Single Version)"]
[Site "SchemingMind.com"]
[Date "2016.01.02"]
[Round "-"]
[White "DANDYLIONHONEYBADGER"]
[Black "Scooter"]
[Result "0-1"]
[WhiteCountry "USA"]
[BlackCountry "USA"]
[WhiteElo "1337"]
[WhiteRD "66"]
[BlackElo "1777"]
[BlackRD "56"]
[GameID "392762"]

1. Nc3 g6 2. Nf3 Bg7 3. d4 Nf6 4. e3 O-O 5. h3 d6 6. Bd3 Re8 7. Ng5 a6 8. e4 e5 9. dxe5 dxe5 10. Bc4 Qxd1+
11. Kxd1 Be6 12. Nxe6 fxe6 13. Bg5 b5 14. Bd3 c5 15. b3 Nc6 16. Be3 Nd4 17. Ne2 Red8 18. Nxd4 exd4 19. Bf4 Nh5 20. Bg5 Bf6
21. Bh6 e5 22. g3 Bg7 23. Bxg7 Kxg7 24. Ke1 Rf8 25. Be2 Nf6 26. f3 Nh5 27. Rg1 Nf6 28. g4 g5 29. a3 Kg6 30. Kf2 Nxe4+
31. Kg2 Nc3 32. Bd3+ Kg7 33. Rge1 Rae8 34. Kg3 Rf4 35. Bf5 e4 36. h4 Rxf3+ 37. Kg2 gxh4 38. Kh2 Rg3 39. Rg1 Rxg1 40. Rxg1 e3
41. g5 e2 42. Re1 Re5 43. Bh3 Rxg5 44. Bc8 a5 45. Bd7 b4 46. axb4 axb4 47. Kh3 h5 48. Kxh4 Kh6 49. Bc6 Rf5 50. Be4 Nxe4
51. Rxe2 Rf4+ 52. Kh3 Rg4 53. Rg2 Rxg2 54. Kxg2 Kg5 55. Kf3 Kf5 56. Ke2 Kg4 57. Kd3 Kf3
0-1

[Event "Szachy na pełnej kurwie (Single Version)"]
[Site "SchemingMind.com"]
[Date "2016.01.04"]
[Round "-"]
[White "smothered mate"]
[Black "miriskra"]
[Result "1-0"]
[WhiteCountry "POL"]
[BlackCountry "WLS"]
[WhiteElo "1995"]
[WhiteRD "84"]
[BlackElo "1602"]
[BlackRD "66"]
[GameID "393133"]

1. d4 Nf6 2. c4 e6 3. a3 d5 4. e3 Be7 5. Nf3 O-O 6. Nc3 b6 7. Bd2 dxc4 8. Bxc4 Ba6 9. Bxa6 Nxa6 10. Qe2 Nb8
11. O-O c5 12. Rfd1 Nc6 13. dxc5 Bxc5 14. b4 Be7 15. e4 Qb8 16. Rac1 Ne5 17. Nd4 Rc8 18. Bf4 Nfd7 19. Nxe6 fxe6 20. Rxd7 Rxc3
21. Rxc3 Bf6 22. Rdc7 Qd8 23. g4 g5 24. Bg3 Ng6 25. e5 Bg7 26. Qc4 Qd1+ 27. Kg2 Qd5+ 28. Qxd5 exd5 29. Re3 Nf4+ 30. Bxf4
1-0

[Event "Szachy na pełnej kurwie (Single Version)"]
[Site "SchemingMind.com"]
[Date "2016.01.04"]
[Round "-"]
[White "miriskra"]
[Black "Scooter"]
[Result "1-0"]
[WhiteCountry "WLS"]
[BlackCountry "USA"]
[WhiteElo "1806"]
[WhiteRD "70"]
[BlackElo "1696"]
[BlackRD "46"]
[GameID "393134"]

1. c4 Nf6 2. d4 g6 3. Nc3 Bg7 4. e4 d6 5. Nf3 Bg4 6. Be2 O-O 7. h3 Bxf3 8. Bxf3 Nbd7 9. O-O e5 10. Be3 exd4
11. Bxd4 Re8 12. Re1 Ne5 13. b3 Nxf3+ 14. Qxf3 Nd7 15. Bxg7 Kxg7 16. Qd3 Nc5 17. Qd4+ Qf6 18. Qxf6+ Kxf6 19. Nd5+
1-0

[Event "Szachy na pełnej kurwie (Single Version)"]
[Site "SchemingMind.com"]
[Date "2016.01.08"]
[Round "-"]
[White "DANDYLIONHONEYBADGER"]
[Black "miriskra"]
[Result "1-0"]
[WhiteCountry "USA"]
[BlackCountry "WLS"]
[WhiteElo "1334"]
[WhiteRD "59"]
[BlackElo "1602"]
[BlackRD "66"]
[GameID "393135"]

1. Nc3 d5 2. d4 Nf6 3. e3 Bf5 4. Bd3 Bg6 5. f4 Bxd3 6. Qxd3 e6 7. Nf3 Be7 8. Bd2 Nc6 9. Ne5 O-O 10. h3 Nb4
11. Qe2 Nxc2+ 12. Kf2 Nxa1 13. Rxa1 c5 14. b3 a6 15. a4 Rc8 16. g4
1-0

[Event "Szachy na pełnej kurwie (Single Version)"]
[Site "SchemingMind.com"]
[Date "2016.01.08"]
[Round "-"]
[White "Timaeus"]
[Black "smothered mate"]
[Result "0-1"]
[WhiteCountry "JPN"]
[BlackCountry "POL"]
[WhiteElo "1339"]
[WhiteRD "70"]
[BlackElo "1938"]
[BlackRD "68"]
[GameID "393189"]

1. e4 e6 2. Bc4 d5 3. exd5 exd5 4. Bb3 Nf6 5. d4 Bd6 6. h3 O-O 7. Be3 c6 8. Nf3 Bf5 9. Nh4 Be4 10. f3 Bg3+
11. Bf2 Nh5 12. fxe4 Qxh4 13. O-O dxe4 14. Bxg3 Nxg3 15. Nc3 Nxf1 16. Qxf1 Nd7 17. Re1 Nf6 18. Re3 Rad8 19. Ne2 Nd5 20. Rg3 Qf6
21. Bxd5 Qxf1+ 22. Kxf1 cxd5 23. Nf4 Rd6 24. b3 Rf6
0-1

[Event "Szachy na pełnej kurwie (Single Version)"]
[Site "SchemingMind.com"]
[Date "2016.01.07"]
[Round "-"]
[White "miriskra"]
[Black "Timaeus"]
[Result "1-0"]
[WhiteCountry "WLS"]
[BlackCountry "JPN"]
[WhiteElo "1834"]
[WhiteRD "67"]
[BlackElo "1354"]
[BlackRD "69"]
[GameID "393190"]

1. d4 e5 2. dxe5 f6 3. exf6 Nxf6 4. Nf3 Bc5 5. e3 d5 6. c4 Bg4 7. Be2 O-O 8. O-O Nc6 9. cxd5 Nxd5 10. Bc4 Be6
11. Qe2 b5 12. Bxb5 Bd7 13. Bc4 Be6 14. Rd1 Qf6 15. Bxd5 Bxd5 16. Rxd5 Bd6 17. Qc4 Ne5 18. Rxe5+ Rf7 19. Rh5 Re8 20. Nc3 Qg6
21. Rh3
1-0

[Event "Szachy na pełnej kurwie (Single Version)"]
[Site "SchemingMind.com"]
[Date "2016.01.07"]
[Round "-"]
[White "Scooter"]
[Black "Timaeus"]
[Result "1-0"]
[WhiteCountry "USA"]
[BlackCountry "JPN"]
[WhiteElo "1677"]
[WhiteRD "48"]
[BlackElo "1354"]
[BlackRD "69"]
[GameID "393191"]

1. d4 e5 2. dxe5 f6 3. exf6 Nxf6 4. Nf3 d5 5. Bg5 Be7 6. e3 Ne4 7. Bxe7 Qxe7 8. Bd3 O-O 9. O-O Bf5 10. Nbd2 Nc6
11. Bxe4 Bxe4 12. Nxe4 dxe4 13. Nd4 Rad8 14. Nxc6 bxc6 15. Qe2 Rd6 16. Rfd1 Rfd8 17. g3 c5 18. Kf1 R8d7 19. Ke1 Qe6 20. b3 Qh3
21. Qc4+ Kh8 22. Qxc5 Qxh2 23. Qf5 Qh1+ 24. Ke2 Qf3+ 25. Qxf3 exf3+ 26. Ke1 Re7 27. Rxd6 cxd6 28. Rd1 Rd7 29. Rd4 h6 30. Rf4
1-0

[Event "Szachy na pełnej kurwie (Single Version)"]
[Site "SchemingMind.com"]
[Date "2016.01.09"]
[Round "-"]
[White "DANDYLIONHONEYBADGER"]
[Black "Timaeus"]
[Result "0-1"]
[WhiteCountry "USA"]
[BlackCountry "JPN"]
[WhiteElo "1334"]
[WhiteRD "59"]
[BlackElo "1431"]
[BlackRD "76"]
[GameID "393192"]

1. Nc3 d5 2. d4 Nf6 3. e3 g6 4. Bd3 e6 5. f3 Bb4 6. a3 Bxc3+ 7. bxc3 O-O 8. Ne2 Nc6 9. Bb2 a6 10. Qd2 b5
11. O-O e5 12. dxe5 Nxe5 13. Rad1 Be6 14. Nf4 c5 15. Nxe6 fxe6 16. Be2 c4 17. h3 Ra7 18. f4 Nc6 19. g4 Ne4 20. Qe1 Raf7
21. f5 exf5 22. h4 fxg4 23. Kh2 Rf2+ 24. Rxf2 Qxh4+ 25. Kg1 Rxf2
0-1

[Event "Szachy na pełnej kurwie (Single Version)"]
[Site "SchemingMind.com"]
[Date "2016.01.09"]
[Round "-"]
[White "smothered mate"]
[Black "emvarela"]
[Result "1-0"]
[WhiteCountry "POL"]
[BlackCountry "ARG"]
[WhiteElo "1942"]
[WhiteRD "73"]
[BlackElo "1658"]
[BlackRD "48"]
[GameID "393518"]

1. Nf3 Nf6 2. g3 g6 3. Bg2 Bg7 4. O-O d6 5. d4 O-O 6. c4 Nbd7 7. Nc3 e5 8. e4 c6 9. Bg5 Qc7 10. Rc1 exd4
11. Nxd4 Ne8 12. Be7 Nb6 13. Bxf8 Kxf8 14. b3 Nd7 15. f4 Nc5 16. f5 Nd7 17. fxg6 hxg6 18. Ne6+
1-0

[Event "Szachy na pełnej kurwie (Single Version)"]
[Site "SchemingMind.com"]
[Date "2016.01.10"]
[Round "-"]
[White "emvarela"]
[Black "miriskra"]
[Result "1-0"]
[WhiteCountry "ARG"]
[BlackCountry "WLS"]
[WhiteElo "1695"]
[WhiteRD "48"]
[BlackElo "1602"]
[BlackRD "66"]
[GameID "393519"]

1. e4 c6 2. d4 d5 3. exd5 cxd5 4. c4 Nf6 5. Nc3 Nc6 6. Nf3 g6 7. cxd5 Nxd5 8. Nxd5 Qxd5 9. Be3 Bg7 10. b3 O-O
11. Bc4 Qh5 12. Rc1 Bg4 13. Be2 Rfd8 14. h3 e5 15. Nh2 Bxe2 16. Qxe2
1-0

[Event "Szachy na pełnej kurwie (Single Version)"]
[Site "SchemingMind.com"]
[Date "2016.01.10"]
[Round "-"]
[White "emvarela"]
[Black "Timaeus"]
[Result "1/2-1/2"]
[WhiteCountry "ARG"]
[BlackCountry "JPN"]
[WhiteElo "1712"]
[WhiteRD "55"]
[BlackElo "1394"]
[BlackRD "95"]
[GameID "393520"]

1. e4 c5 2. d4 d6 3. Nf3 b6 4. dxc5 bxc5 5. Bb5+ Bd7 6. Bxd7+ Qxd7 7. c4 g6 8. Qc2 Nc6 9. a3 e5 10. Nc3 Be7
11. O-O Nf6 12. Nd5 O-O 13. Nxe7+ Qxe7 14. Bg5 Nd4 15. Nxd4 cxd4 16. Bxf6 Qxf6 17. Qd3 Rab8 18. b4 Rb7 19. Rac1 Rc8 20. Rc2 Rbc7
21. Rfc1 a6 22. c5 dxc5 23. bxc5 a5 24. f3 Qe7 25. Qb5 d3 26. Rd2 Rxc5 27. Rxc5 Rxc5 28. Qb2 Qd7 29. Qb8+ Kg7 30. Qb3 Qa7
31. Kf1 Rc1+ 32. Rd1 d2 33. Ke2 Rxd1 34. Qxd1 Qd7 35. Qxd2 Qb5+ 36. Kf2 Qc5+ 37. Qe3 Qc2+ 38. Kg3 a4 39. h4 Qb3 40. Qc5 Qb2
41. Kh3 h5 42. Qe7 Qb8 43. g4 Qc8 44. Qxe5+ Kg8 45. Kg3 Qc1 46. Qe8+ Kg7 47. Qxa4 Qg1+ 48. Kf4 Qh2+ 49. Ke3 hxg4 50. fxg4 Qg3+
51. Kd4 Qxg4 52. Qb5 Qxh4 53. Qe5+ Kh7 54. a4 Qe1 55. Qb5 f6 56. Qd7+= Kh6 57. Qh3+ Kg7 58. Qd7+ Kh6 59. Qh3+ Kg7 60. Qd7+ Kf8
61. Qd8+= Kg7 62. Qd7+
1/2-1/2

[Event "Szachy na pełnej kurwie (Single Version)"]
[Site "SchemingMind.com"]
[Date "2016.01.09"]
[Round "-"]
[White "emvarela"]
[Black "Scooter"]
[Result "0-1"]
[WhiteCountry "ARG"]
[BlackCountry "USA"]
[WhiteElo "1693"]
[WhiteRD "50"]
[BlackElo "1738"]
[BlackRD "54"]
[GameID "393521"]

1. e4 c6 2. d4 d5 3. exd5 cxd5 4. c4 Nf6 5. Nc3 e6 6. Nf3 Nc6 7. cxd5 Nxd5 8. Nxd5 Qxd5 9. a3 Be7 10. Be3 O-O
11. Bd3 a6 12. O-O b5 13. Qc2 Bb7 14. Be4 Qd6 15. Bxh7+ Kh8 16. Be4 Rab8 17. Bxc6 Bxc6 18. Rac1 Bxf3 19. gxf3 Rfc8 20. Qd2 g6
21. Bf4 Qd7 22. Be5+ Kh7 23. Bxb8 Rxb8 24. Qf4 Bd6 25. Qh4+ Kg7 26. Qg4 Rh8 27. f4 Qe7 28. Rc3 Rh4 29. Qg5 Qxg5+ 30. fxg5 Bxh2+
31. Kg2 Bb8 32. Rh3 Rg4+ 33. Kf3 Rxg5 34. Ke3 Ba7 35. f4 Rd5 36. Rd1 f6 37. Ke4 f5+ 38. Ke3 e5 39. fxe5 g5 40. Rh5 Kg6
41. Rh8 Rxe5+ 42. Kf3 g4+ 43. Kg3 Rd5 44. Ra8 Bxd4 45. Rxa6+ Kg5 46. Rh1 f4+ 47. Kg2 Bxb2 48. Rah6 Rd2+ 49. Kf1 Rd1+ 50. Kf2 Rxh1
51. Rxh1 Bxa3
0-1

[Event "Szachy na pełnej kurwie (Single Version)"]
[Site "SchemingMind.com"]
[Date "2016.01.14"]
[Round "-"]
[White "emvarela"]
[Black "DANDYLIONHONEYBADGER"]
[Result "1-0"]
[WhiteCountry "ARG"]
[BlackCountry "USA"]
[WhiteElo "1693"]
[WhiteRD "50"]
[BlackElo "1331"]
[BlackRD "62"]
[GameID "393522"]

1. e4 e5 2. Nf3 Nc6 3. Bb5 a6 4. Bxc6 bxc6 5. d4 Bd6 6. dxe5 Bc5 7. Nc3 d6 8. exd6 cxd6 9. O-O Qe7 10. Qe2 Nf6
11. h3 h6 12. a3 d5 13. exd5 Bb7 14. Qxe7+ Kxe7 15. Re1+ Kd7 16. dxc6+ Bxc6 17. Ne5+ Kc7 18. Nxc6 Kxc6 19. Be3 Bd6 20. Rad1 Rhd8
21. b4 a5 22. b5+ Kb7 23. a4 Rd7 24. Bd4 g5 25. Bxf6 h5 26. Ne4 Kc7 27. Nxd6 g4 28. Ne8+
1-0

[Event "Szachy na pełnej kurwie (Single Version)"]
[Site "SchemingMind.com"]
[Date "2016.01.23"]
[Round "-"]
[White "frankly"]
[Black "smothered mate"]
[Result "1-0"]
[WhiteCountry "ENG"]
[BlackCountry "POL"]
[WhiteElo "2439"]
[WhiteRD "55"]
[BlackElo "1938"]
[BlackRD "68"]
[GameID "394139"]

1. d4 d5 2. Nf3 e6 3. Bf4 Bd6 4. e3 Bxf4 5. exf4 f6 6. Bd3 Qd6 7. Qd2 Ne7 8. O-O Bd7 9. c4 dxc4 10. Bxc4 Nbc6
11. Nc3 O-O-O 12. Ne4 Qb4 13. Qxb4 Nxb4 14. Nc5 Nbd5 15. Nxd7 Kxd7 16. g3 Nb6 17. Bb3 Ned5 18. Nd2 Kc8 19. Ne4 Rhe8 20. Rae1 c6
21. Nc5 Rd6 22. f5 e5 23. f4 Nxf4 24. gxf4 Rxd4 25. Ne6 Rd2 26. Nxg7 Re7 27. Nh5 Nd5 28. Bxd5 cxd5 29. fxe5 fxe5 30. f6 Rf7
31. Rxe5 d4 32. Rfe1 Rxb2 33. Re8+ Kd7 34. R8e7+
1-0

[Event "Szachy na pełnej kurwie (Single Version)"]
[Site "SchemingMind.com"]
[Date "2016.01.22"]
[Round "-"]
[White "miriskra"]
[Black "frankly"]
[Result "0-1"]
[WhiteCountry "WLS"]
[BlackCountry "ENG"]
[WhiteElo "1676"]
[WhiteRD "63"]
[BlackElo "2468"]
[BlackRD "55"]
[GameID "394140"]

1. d4 Nf6 2. c4 e6 3. Nc3 Bb4 4. e3 O-O 5. Ne2 d5 6. a3 Bd6 7. Ng3 c5 8. dxc5 Bxc5 9. b4 Be7 10. Bb2 Nc6
11. cxd5 exd5 12. Nb5 a5 13. Nd4 axb4 14. Nxc6 bxc6 15. axb4 Bxb4+ 16. Ke2 Rb8 17. Qc2 Re8 18. f3 Rxe3+ 19. Kxe3 Qe7+
0-1

[Event "Szachy na pełnej kurwie (Single Version)"]
[Site "SchemingMind.com"]
[Date "2016.01.25"]
[Round "-"]
[White "frankly"]
[Black "emvarela"]
[Result "1-0"]
[WhiteCountry "ENG"]
[BlackCountry "ARG"]
[WhiteElo "2458"]
[WhiteRD "57"]
[BlackElo "1652"]
[BlackRD "47"]
[GameID "394141"]

1. d4 d5 2. Nf3 Nf6 3. c4 dxc4 4. e3 g6 5. Bxc4 Bg7 6. O-O O-O 7. Nc3 Bg4 8. h3 Bxf3 9. Qxf3 c6 10. Rd1 e6
11. e4 Nbd7 12. Bb3 Nb6 13. Bg5 h6 14. Bh4 g5 15. Bg3 Nh7 16. a4 a5 17. Rac1 Qf6 18. Qe3 Nd7 19. Bd6 e5 20. Bxf8 Nhxf8
21. d5 c5 22. d6 Ne6 23. Nd5 Qd8 24. Ne7+ Kh7 25. Qf3 Qe8 26. Qf5+ Kh8 27. Bxe6 fxe6 28. Qxe6
1-0

[Event "Szachy na pełnej kurwie (Single Version)"]
[Site "SchemingMind.com"]
[Date "2016.01.22"]
[Round "-"]
[White "Timaeus"]
[Black "frankly"]
[Result "0-1"]
[WhiteCountry "JPN"]
[BlackCountry "ENG"]
[WhiteElo "1339"]
[WhiteRD "70"]
[BlackElo "2439"]
[BlackRD "55"]
[GameID "394142"]

1. e4 c5 2. Bc4 e6 3. Nf3 Nc6 4. d4 d5 5. exd5 exd5 6. Bb3 cxd4 7. Nxd4 Bc5 8. Qe2+ Nge7 9. c3 Bxd4 10. cxd4 Nxd4
11. Qe5 Nxb3 12. Bh6 Nxa1 13. Qxg7 Nc2+ 14. Kd1 Rg8 15. Qxh7 Bf5 16. Qxg8+ Nxg8
0-1

[Event "Szachy na pełnej kurwie (Single Version)"]
[Site "SchemingMind.com"]
[Date "2016.01.22"]
[Round "-"]
[White "Scooter"]
[Black "frankly"]
[Result "0-1"]
[WhiteCountry "USA"]
[BlackCountry "ENG"]
[WhiteElo "1677"]
[WhiteRD "48"]
[BlackElo "2449"]
[BlackRD "55"]
[GameID "394143"]

1. d4 Nf6 2. Nf3 d5 3. Bf4 c5 4. c3 e6 5. e3 Nc6 6. Bb5 Be7 7. Ne5 Qb6 8. Qb3 Nh5 9. Bxc6+ bxc6 10. Qxb6 axb6
11. Nxc6 Nxf4 12. exf4 Bd6 13. Ne5 f6 14. Nd3 cxd4 15. cxd4 Ra4 16. O-O Ba6 17. b3 Rxd4
0-1

[Event "Szachy na pełnej kurwie (Single Version)"]
[Site "SchemingMind.com"]
[Date "2016.01.25"]
[Round "-"]
[White "DANDYLIONHONEYBADGER"]
[Black "frankly"]
[Result "0-1"]
[WhiteCountry "USA"]
[BlackCountry "ENG"]
[WhiteElo "1334"]
[WhiteRD "59"]
[BlackElo "2466"]
[BlackRD "57"]
[GameID "394144"]

1. Nc3 e5 2. e4 Nc6 3. d3 Bb4 4. Nf3 Nf6 5. h3 d5 6. Bd2 Bxc3 7. bxc3 dxe4 8. dxe4 Nxe4 9. Be3 Qxd1+ 10. Rxd1 Nxc3
11. Rd3 Nxa2 12. Kd1 Bf5 13. Rd2 f6 14. Ke1 Ncb4 15. Be2 Nxc2+ 16. Kd1 Nc3+ 17. Kc1 Nxe3 18. fxe3 a5 19. Bb5+ Nxb5 20. Nh4 Be6
21. e4 a4 22. Rhd1 a3 23. Kb1 Nc3+ 24. Kc2 Nxd1 25. Kxd1 Rd8 26. Rxd8+ Kxd8 27. g4 a2
0-1

[Event "Szachy na pełnej kurwie (Single Version)"]
[Site "SchemingMind.com"]
[Date "2016.01.30"]
[Round "-"]
[White "Michal Drus"]
[Black "smothered mate"]
[Result "0-1"]
[WhiteCountry "POL"]
[BlackCountry "POL"]
[WhiteElo "1444"]
[WhiteRD "81"]
[BlackElo "1939"]
[BlackRD "65"]
[GameID "394492"]

1. e4 e6 2. d4 d5 3. Nc3 Bb4 4. e5 c5 5. a3 Bxc3+ 6. bxc3 Ne7 7. Bb5+ Bd7 8. Qg4 Bxb5 9. Qxg7 Ng6 10. Nf3 Nc6
11. Ng5 Qe7 12. Qf6 Qxf6 13. exf6 cxd4 14. cxd4 Nxd4 15. Kd1 Rc8 16. g4 Be2+ 17. Kd2 Rxc2+ 18. Ke3 Nb3 19. Rb1 d4+ 20. Ke4 Rc3
21. f3 Bd3#
0-1

[Event "Szachy na pełnej kurwie (Single Version)"]
[Site "SchemingMind.com"]
[Date "2016.01.25"]
[Round "-"]
[White "miriskra"]
[Black "Michal Drus"]
[Result "1-0"]
[WhiteCountry "WLS"]
[BlackCountry "POL"]
[WhiteElo "1834"]
[WhiteRD "67"]
[BlackElo "1444"]
[BlackRD "81"]
[GameID "394493"]

1. d4 d5 2. c4 c6 3. e3 Nf6 4. Nf3 Bf5 5. Nc3 e6 6. Be2 Bb4 7. Bd2 Ne4 8. Nxe4 Bxd2+ 9. Nexd2 Nd7 10. O-O Nf6
11. cxd5 Nxd5 12. e4 Bxe4 13. Nxe4 Nf4 14. Qd2 Nxe2+ 15. Qxe2 O-O 16. Rfe1 b5 17. Rad1 f5 18. Nc5
1-0

[Event "Szachy na pełnej kurwie (Single Version)"]
[Site "SchemingMind.com"]
[Date "2016.01.30"]
[Round "-"]
[White "Michal Drus"]
[Black "emvarela"]
[Result "0-1"]
[WhiteCountry "POL"]
[BlackCountry "ARG"]
[WhiteElo "1485"]
[WhiteRD "73"]
[BlackElo "1652"]
[BlackRD "47"]
[GameID "394494"]

1. e4 e5 2. Nf3 Nc6 3. d4 exd4 4. Nxd4 Bc5 5. Nxc6 Qf6 6. Qd2 dxc6 7. Nc3 Be6 8. Bd3 O-O-O 9. O-O Bb4 10. a3 Bxc3
11. Qxc3 Qxc3 12. bxc3 Nf6 13. Bg5 h6 14. e5 hxg5 15. exf6 gxf6 16. a4 f5 17. a5 f4 18. a6 b6 19. c4 c5 20. Be4 Bxc4
21. Rfe1 Rd6 22. Bf5+ Be6 23. Be4 Rhd8 24. Bb7+ Kd7 25. Rad1 Ke7 26. Rxd6 cxd6 27. f3 Kd7 28. Kf2 Kc7 29. Ke2 Bc8
0-1

[Event "Szachy na pełnej kurwie (Single Version)"]
[Site "SchemingMind.com"]
[Date "2016.01.27"]
[Round "-"]
[White "Timaeus"]
[Black "Michal Drus"]
[Result "0-1"]
[WhiteCountry "JPN"]
[BlackCountry "POL"]
[WhiteElo "1377"]
[WhiteRD "70"]
[BlackElo "1476"]
[BlackRD "70"]
[GameID "394495"]

1. e4 c5 2. Bc4 e6 3. d3 d5 4. exd5 exd5 5. Bb3 Nc6 6. c3 Nf6 7. d4 cxd4 8. cxd4 Qa5+ 9. Bd2 Bb4 10. Bxb4 Qxb4+
11. Nc3 Nxd4 12. Bc2 Qxb2 13. Ba4+ Bd7 14. Bxd7+ Nxd7 15. Nxd5 Nc2+ 16. Kf1 O-O 17. Rb1 Qxa2 18. Ne7+ Kh8 19. Rc1 Qc4+ 20. Ne2 Rfe8
21. Rxc2 Qb5 22. Qd6 Qb1+ 23. Rc1 Qe4 24. Qxd7 Rxe7 25. Rc8+ Rxc8 26. Qxc8+ Re8 27. Qc1 Qxe2+
0-1

[Event "Szachy na pełnej kurwie (Single Version)"]
[Site "SchemingMind.com"]
[Date "2016.01.25"]
[Round "-"]
[White "Scooter"]
[Black "Michal Drus"]
[Result "1-0"]
[WhiteCountry "USA"]
[BlackCountry "POL"]
[WhiteElo "1677"]
[WhiteRD "48"]
[BlackElo "1444"]
[BlackRD "81"]
[GameID "394496"]

1. d4 d5 2. Nf3 c5 3. Bf4 Nf6 4. e3 Bg4 5. c3 Ne4 6. Nbd2 Nxd2 7. Qxd2 Bxf3 8. gxf3 e6 9. Bb5+ Nc6 10. O-O-O Qb6
11. Bxc6+ Qxc6 12. dxc5 Bxc5 13. Be5 f6 14. Bg3 Qa6 15. Kb1 O-O-O 16. Qc2 e5 17. Qf5+ Rd7 18. Rxd5 Rd8 19. Rxc5+ Kb8 20. Rc1 g6
21. Bxe5+ Ka8 22. Qxd7
1-0

[Event "Szachy na pełnej kurwie (Single Version)"]
[Site "SchemingMind.com"]
[Date "2016.01.26"]
[Round "-"]
[White "frankly"]
[Black "Michal Drus"]
[Result "1-0"]
[WhiteCountry "ENG"]
[BlackCountry "POL"]
[WhiteElo "2449"]
[WhiteRD "55"]
[BlackElo "1444"]
[BlackRD "81"]
[GameID "394497"]

1. d4 d5 2. Nf3 c5 3. c4 e6 4. Nc3 Nf6 5. cxd5 Nxd5 6. e4 Nxc3 7. bxc3 Nc6 8. d5 exd5 9. exd5 Qe7+ 10. Be2 Ne5
11. O-O Qf6 12. Bb5+ Bd7 13. Bxd7+ Nxd7 14. Bg5 Qxc3 15. Re1+
1-0

[Event "Szachy na pełnej kurwie (Single Version)"]
[Site "SchemingMind.com"]
[Date "2016.01.30"]
[Round "-"]
[White "Michal Drus"]
[Black "DANDYLIONHONEYBADGER"]
[Result "1-0"]
[WhiteCountry "POL"]
[BlackCountry "USA"]
[WhiteElo "1485"]
[WhiteRD "73"]
[BlackElo "1297"]
[BlackRD "64"]
[GameID "394498"]

1. e4 e5 2. Nf3 d6 3. d4 Nd7 4. d5 c6 5. Nc3 Ngf6 6. Bg5 h6 7. Bh4 Be7 8. Bd3 Nc5 9. b4 Nxd3+ 10. Qxd3 g5
11. Bg3 a6 12. a4 g4 13. Nd2 Nh5 14. O-O-O Nxg3 15. Qxg3 f5 16. f4 h5 17. fxe5 f4 18. Qd3 Bd7 19. e6 Bc8 20. e5 dxe5
21. Qg6+
1-0

[Event "Szachy na pełnej kurwie (Single Version)"]
[Site "SchemingMind.com"]
[Date "2016.02.05"]
[Round "-"]
[White "miriskra"]
[Black "Darnell"]
[Result "1-0"]
[WhiteCountry "WLS"]
[BlackCountry "CAN"]
[WhiteElo "1685"]
[WhiteRD "65"]
[BlackElo "1450"]
[BlackRD "87"]
[GameID "395050"]

1. d4 d5 2. c4 e6 3. Nc3 Nf6 4. Bg5 Nbd7 5. e3 c6 6. a3 Be7 7. Nf3 b6 8. Bd3 dxc4 9. Bxc4 Bb7 10. O-O O-O
11. Qe2 c5 12. Rfd1 Qc7 13. Rac1
1-0

[Event "Szachy na pełnej kurwie (Single Version)"]
[Site "SchemingMind.com"]
[Date "2016.02.05"]
[Round "-"]
[White "Darnell"]
[Black "Timaeus"]
[Result "0-1"]
[WhiteCountry "CAN"]
[BlackCountry "JPN"]
[WhiteElo "1459"]
[WhiteRD "83"]
[BlackElo "1405"]
[BlackRD "71"]
[GameID "395053"]

1. e4 e5 2. Nf3 d6 3. Bc4 Be6 4. Bxe6 fxe6 5. d3 Nc6 6. O-O Nf6 7. Nc3 Qd7 8. b4 Nxb4 9. Rb1 c5 10. Nb5 Qxb5
11. a3 Be7
0-1

[Event "Szachy na pełnej kurwie (Single Version)"]
[Site "SchemingMind.com"]
[Date "2016.02.05"]
[Round "-"]
[White "Darnell"]
[Black "Scooter"]
[Result "0-1"]
[WhiteCountry "CAN"]
[BlackCountry "USA"]
[WhiteElo "1584"]
[WhiteRD "79"]
[BlackElo "1677"]
[BlackRD "48"]
[GameID "395054"]

1. e4 c6 2. d4 d5 3. e5 Bf5 4. Ne2 e6 5. Ng3 Bg6 6. h4 h6 7. h5 Bh7 8. Bd3 Bxd3 9. cxd3 Bb4+ 10. Nc3 Nd7
11. Qg4 Rh7 12. a3 Bxc3+ 13. bxc3 Ne7 14. O-O Nf5 15. Nxf5 exf5 16. Qxf5 Rh8 17. Qg4 Kf8 18. f4 Qe7 19. f5 f6 20. Bd2 fxe5
21. Rae1 Nf6 22. Qe2 e4 23. dxe4 Nxe4 24. Rf4 Re8 25. Qg4 Qf6 26. Qg6 Ke7 27. Qg3 Kd7 28. Rfxe4 Rxe4 29. Rf1 Rhe8 30. Kh1 Qh4+
0-1